000 00497nam a2200145Ia 4500
008 151021s9999 xx 000 0 und d
050 _aHN 793.K54 2009
245 _a_Amani Mashinani Peace at the Grassroots/ Cornelius korir
260 _aEldoret : Catholic Diocese of Eldoret, 2009
300 _aii,71p.
500 _aIncludes index
500 _aIncludes index
650 _a_Peace Building and conflict resolution in north rift region of Kenya
980 _a^d20140807 11:49:23^omwanik
999 _c14942
_d14942